Skeleton in search of a cupboard
| Main Author: | |
|---|---|
| Format: | Book |
| Published: |
London :
William Collins ,
1990
|
| Series: | The Diamond Jubilee Collection
|
| Subjects: |
MARC
| LEADER | 00000cam a2200000 7i4500 | ||
|---|---|---|---|
| 001 | 0000000999 | ||
| 002 | 000001108 | ||
| 005 | 20080401.0 | ||
| 020 | |a 000231925X | ||
| 090 | 0 | 0 | |a F |b FER |
| 100 | 1 | |a Ferrars, Elizabeth | |
| 245 | 1 | 0 | |a Skeleton in search of a cupboard |c Elizabeth Ferrars |
| 260 | |a London : |b William Collins , |c 1990 | ||
| 300 | |a 181 p. ; |c 22 cm. | ||
| 490 | 0 | |a The Diamond Jubilee Collection | |
| 650 | 0 | 0 | |a Crime and detection fiction |
| 999 | |a 030249 |b BUKU |c PINJAMAN |e PERPUSTAKAAN KOMUNITI PETALING JAYA | ||